000 00224nam a2200097Ia 4500
008 220204s9999 xx 000 0 und d
082 _a82-3
_bKEE
100 _aKeene, Carolyn
245 0 _aGhost of Blackwood hall
942 _cBK
999 _c32917
_d32917